000 00520nam a2200181Ia 4500
008 151018s9999 xx 000 0 und d
082 _bRBASDV18239
_a891.433
100 _aराजेंद्र यादव
245 _aसारा आकाश
250 _b1
260 _b-
_c-
300 _a220
600 _aराजेंद्र यादव
630 _aसारा आकाश
700 _aराजेंद्र यादव
730 _aसारा आकाश
942 _cBOOK
999 _c1018903
_d1018900